| Поле | Инд. | ПП | Название | Значение |
|---|---|---|---|---|
| Тип записи | a | |||
| Библиографический уровень | m | |||
| 001 | _ | Контрольный номер | RU-LAN-BOOK-339764 | |
| 005 | Дата корректировки | 20250915104046.4 | ||
| 008 | Кодируемые данные | 230719s2023 RU y f j 000 1 rus u | ||
| 020 | a | ISBN | 978-5-507-46709-9 | |
| 040 | c | Служба, преобразующая запись | Издательство Лань | |
| 041 | a | Код языка текста | rus | |
| 044 | a | Код страны публикации | RU | |
| 080 | a | Индекс УДК | 004 | |
| 084 | 2 | Источник индекса | rubbk | |
| a | Индекс другой классификации/Индекс ББК | 32.97я73 | ||
| 100 | 1_ | a | Автор | Тюрин И. В. |
| 245 | a | Заглавие | Вычислительная техника и информационные технологии | |
| b | Продолж. заглавия | учебное пособие для вузов | ||
| h | Физич. носитель | Электронный ресурс | ||
| c | Ответственность | Тюрин И. В. | ||
| 250 | a | Основные сведения об издании | 2-е изд., перераб. и доп. | |
| 260 | a | Место издания | Санкт-Петербург | |
| b | Издательство | Лань | ||
| c | Дата издания | 2023 | ||
| d | Санкт-Петербург | |||
| 300 | a | Объем | 336 с. | |
| 520 | a | Аннотация | Представлены базовые сведения в области средств вычислительной техники и информационных технологий. Рассмотрены основы математического аппарата функционирования компьютерной техники. Приведены классификация и основные технические характеристики ЭВМ. Даны сведения о составе, устройстве и принципах действия типовых функциональных узлов цифровых устройств, а также компонентах и узлах микропроцессорной вычислительной техники. Изложены принципы взаимодействия технического и программного обеспечения ЭВМ, представлены сведения о сетях передачи данных, методах и средствах обмена информацией в сетевой среде. Рассмотрены основные компоненты программного обеспечения ЭВМ, приведены примеры программных пакетов и информационных систем, в том числе систем автоматизированного проектирования для решения проектных задач применительно к различным этапам жизненного цикла продукции. Пособие предназначено для студентов, обучающихся по направлениям высшего образования укрупненной группы специальностей «Электроника, радиотехника и системы связи» всех форм обучения. Пособие будет полезно при подготовке бакалавров, магистрантов, специалистов, инженеров и аспирантов, занимающихся проектированием, производством и эксплуатацией средств вычислительной техники и цифровой аппаратуры. Пособие может быть использовано студентами при выполнении лабораторных, контрольных работ, разделов курсового проекта и выпускной квалификационной работы по дисциплинам «Информационные технологии проектирования РЭС», «Вычислительная техника», «Вычислительная техника и САПР», «Моделирование в РЭС». Пособие может быть также полезно студентам и других технических направлений и специальностей высших учебных заведений. | |
| 521 | a | Примеч. о целев. назн. | Книга из коллекции Лань - Информатика | |
| 653 | a | Ключевые слова | вычислительная техника | |
| 653 | a | Ключевые слова | цифровые устройства | |
| 653 | a | Ключевые слова | сети передачи данных | |
| 653 | a | Ключевые слова | информационные технологии | |
| 852 | x | Примечание, не предназначенное для пользователя | e.lan2023 | |
| 856 | 4_ | u | URL | https://e.lanbook.com/book/339764 |
| z | Примечание для пользователя | Участвует в КО | ||
| 856 | 41 | u | URL | https://e.lanbook.com/img/cover/book/339764.jpg |